000 00675 a2200181 4500
003 Nust
005 20221205093619.0
040 _cNust
082 _a621.381528,TRA
100 _aH. E.Birdgers
_9104067
245 _aTransistor technology Vol.1 /
_cH. E.Birdgers(ed)
250 _aVol. 1
260 _aNew York
_bD. Van Nostrand company
_c1959
300 _a661p
505 _aTechnology of Germanium Materials (Page-1), Preparation of Signal Crystals (Page-61), Principle of Device Fabrication (Page-164), Principles of Transistor Performance Characterization (Page-447), Transistor Reliability (Page-605).
650 _aTelecommunication Engineering
942 _2ddc
_cBK
999 _c182387
_d182387